000 00395 a2200157 4500
001 152503
040 _cEscola São Tomás de Aquino
100 _aANDRADE, Carlos Drummond de
240 1 0 _aDiscurso de primavera e algumas sombras
_lpor
245 1 0 _aDiscurso de primavera e algumas sombras
300 _a124
362 0 _a1978
440 1 _aJosé Olympio
697 _aPoesia
942 _cBK
999 _c152503
_d152503